Music Quiz

Random Music or Lyrics Quiz

Katy Perry or Lady Gaga? Quiz Stats

 Plays Quiz Updated Oct 8, 2014

Challenge
Share
Tweet
Embed
Score 0/20 Timer 02:00
8 Plays Today
Lyric (P)erry or (G)aga? % Correct
I don't speak German, but I can if you like???
78%
I lost my fake ID, but you lost the motel key???
75.5%
You think I'm pretty without any makeup on???
74.9%
Whether you're broke or evergreen, your black, white, beige, chola descent???
73.3%
Your kiss is cosmic, every move is magic???
72.3%
Whenever I'm dressed cool, my parents put up a fight???
70.5%
Pink flamingos in the pool???
62.5%
I want your horror, I want your design???
62.2%
Can't read my, can't read my, no he can't read my???
60.9%
Like a hard candy with a surprise center???
54.9%
Lyric (P)erry or (G)aga? % Correct
And I cannot text you with my drink in my hand???
49.6%
I saw a spider, I didn't scream???
48.1%
But if I do I might miss you babe???
46.1%
Even the seasons change ???
43.5%
Moved downtown when I was just nineteen???
40.4%
They say it's hard to meet your match???
40%
With your James Dean glossy eyes, in your tight jeans and your long hair???
37%
I'll wait on mountain tops on Paris cold???
35.6%
I'd own the bank???
35.6%
The creme de la crop???
31.7%

You're not logged in!

Compare scores with friends on all Sporcle quizzes.
OR
Log In

You Might Also Like...

Show Comments

Extras

Top Quizzes Today


Score Distribution

Your Account Isn't Verified!

In order to create a playlist on Sporcle, you need to verify the email address you used during registration. Go to your Sporcle Settings to finish the process.

Report this User

Report this user for behavior that violates our Community Guidelines.

Details: